Представление документа в формате MARC21

Поле Инд. ПП Название Значение
Тип записи a
Библиографический уровень b
001 Контрольный номер RU/IS/BASE/262112539
005 Дата корректировки 20200526074521.0
084 a Индекс другой классификации/Индекс ББК 60.032.6
097 00 a 750
100 10 a Автор Лапин Н. И.
245 00 a Заглавие Проблема социокультурной трансформации
504 00 a Библиография Библиогр. в конце статьи
520 00 a Аннотация Рассматривается социокультурный подход к проблеме трансформации общества. Понятие социальной трансформации, типы трансформации общества, трансформационные процессы в России. Принципы социокультурного подхода
650 a Основная рубрика социальная философия
a Основная рубрика философия
a Основная рубрика философия истории
653 00 a Ключевые слова либерализация
a Ключевые слова модернизация общества
a Ключевые слова общественное развитие
a Ключевые слова социодинамика
a Ключевые слова социокультурная трансформация
a Ключевые слова социокультурный подход
a Ключевые слова традиционализация
a Ключевые слова трансформация общества
773 00 t Заглавие источника Вопросы философии
d Дата издания источника 2000
g Прочая информация № 6. - С. 3 - 33
w Контрольный № источника RU/IS/BASE/140276501
901 t Тип документа b